Statistics for Lithuania Immigration by Country

Click here to take the quiz!

General Stats

  • This quiz has been taken 50 times
  • The average score is 15 of 20

Answer Stats

#Country of Origin% Correct
12,529Russia
98%
1,100Latvia
98%
369United Kingdom
98%
12,204Belarus
95%
768Germany
95%
736Poland
95%
16,927Ukraine
93%
507United States
91%
470China
84%
416Turkey
75%
826India
73%
445Italy
70%
490Moldova
68%
305Romania
66%
399Kazakhstan
61%
369Georgia
57%
382Azerbaijan
55%
346Armenia
55%
472Syria
50%
445Israel
41%

Score Distribution

Percentile by Number Answered

Percent of People with Each Score

Your Score History

You have not taken this quiz